Projekt v súvislostiach - prostredie a ohraničenie projektu
Ako správne pochopiť projekt v súvislostiach a jasne definovať hranice projektu. Čo vplýva na projekt interne vo firme a externe v prostredí. Nástroje k inicializácii projektu.
Guardado en:
| Autor principal: | |
|---|---|
| Formato: | Capítulo de libro |
| Lenguaje: | eslovaco |
| Materias: | |
| Etiquetas: |
Sin Etiquetas, Sea el primero en etiquetar este registro!
|
MARC
| LEADER | 00000naa a2200000 4500 | ||
|---|---|---|---|
| 001 | 0179072 | ||
| 005 | 20230912102332.0 | ||
| 041 | 0 | |a slo | |
| 044 | |a SK | ||
| 245 | 1 | 0 | |a Projekt v súvislostiach - prostredie a ohraničenie projektu |c Peter Minárik |
| 520 | |a Ako správne pochopiť projekt v súvislostiach a jasne definovať hranice projektu. Čo vplýva na projekt interne vo firme a externe v prostredí. Nástroje k inicializácii projektu. | ||
| 610 | 2 | 0 | |a projekty |
| 610 | 2 | 0 | |a riadenie projektové |
| 610 | 2 | 0 | |a manažment |
| 610 | 2 | 0 | |a vedenie ľudí |
| 610 | 2 | 0 | |a tímy pracovné |
| 610 | 2 | 0 | |a rozhodovanie manažérske |
| 100 | 1 | |a Minárik, Peter | |